Management Accounting (Record no. 5563)
[ view plain ]
| 000 -LEADER | |
|---|---|
| fixed length control field | 00653nam a22002177a 4500 |
| 003 - CONTROL NUMBER IDENTIFIER | |
| control field | BUBTL |
| 008 - FIXED-LENGTH DATA ELEMENTS--GENERAL INFORMATION | |
| fixed length control field | 171124b xxu||||| |||| 00| 0 eng d |
| 020 ## - INTERNATIONAL STANDARD BOOK NUMBER | |
| International Standard Book Number | 0-19-568360-9 |
| 082 ## - DEWEY DECIMAL CLASSIFICATION NUMBER | |
| Classification number | 658.15 |
| Item number | SEA |
| 100 ## - MAIN ENTRY--PERSONAL NAME | |
| 9 (RLIN) | 1552 |
| Personal name | Sekhar R.C. |
| 245 ## - TITLE STATEMENT | |
| Title | Management Accounting |
| Statement of responsibility, etc. | R.C.Sekhar / A.V.Rajagopalan |
| 250 ## - EDITION STATEMENT | |
| Edition statement | 1st |
| 260 ## - PUBLICATION, DISTRIBUTION, ETC. (IMPRINT) | |
| Place of publication, distribution, etc. | New Delhi |
| Name of publisher, distributor, etc. | Oxford University Press |
| Date of publication, distribution, etc. | 2013 |
| 300 ## - PHYSICAL DESCRIPTION | |
| Extent | [xviii] , 645p . : |
| Other physical details | ill , Chart ,Table ; 25cm. |
| Dimensions | Accounting. |
| 500 ## - GENERAL NOTE | |
| General note | Includes Index . |
| 650 #0 - SUBJECT ADDED ENTRY--TOPICAL TERM | |
| 9 (RLIN) | 5 |
| Topical term or geographic name as entry element | Accounting |
| 700 ## - ADDED ENTRY--PERSONAL NAME | |
| 9 (RLIN) | 1553 |
| Personal name | R.C.Sekher / A.V.Rajagopalan |
| 856 ## - ELECTRONIC LOCATION AND ACCESS | |
| Password | 0 |
| Logon | 0 |
| Link text | Download |
| 942 ## - ADDED ENTRY ELEMENTS (KOHA) | |
| Source of classification or shelving scheme | |
| Koha item type | Books |
No items available.
